Statistics for Best selling video games in the world

Click here to take the quiz!

General Stats

  • This quiz has been taken 58 times
  • The average score is 3 of 10

Answer Stats

Download/ Copies SoldVideo Game% Correct
300MMinecraft
84%
520MTetris
77%
195MGtaV
42%
82.9MWii sports
21%
61MRed Dead Redemption 2
19%
50MOverwatch
14%
69.04MMario Cart 8
7%
75MPUGB
5%
60MThe Elder Scrolls V: Skyrim
5%
50MThe Witcher 3:wild hunt
5%

Score Distribution

Percentile by Number Answered

Percent of People with Each Score

Your Score History

You have not taken this quiz